<?xml version="1.0" encoding="UTF-8"?>
<marc:record xmlns:marc="http://www.loc.gov/MARC21/slim">
   <marc:leader>00000nam a2200000 a 4500</marc:leader>
   <marc:datafield ind1="1" ind2=" " tag="100">
      <marc:subfield code="a">Frey, Dieter</marc:subfield>
      <marc:subfield code="4">edt</marc:subfield>
      <marc:subfield code="e">Bearbeiter/-in</marc:subfield>
   </marc:datafield>
   <marc:datafield ind1=" " ind2=" " tag="653">
      <marc:subfield code="a">Märchen</marc:subfield>
   </marc:datafield>
   <marc:datafield ind1=" " ind2=" " tag="653">
      <marc:subfield code="a">Psychologie</marc:subfield>
   </marc:datafield>
   <marc:datafield ind1=" " ind2=" " tag="653">
      <marc:subfield code="a">Analyse</marc:subfield>
   </marc:datafield>
   <marc:datafield ind1=" " ind2=" " tag="653">
      <marc:subfield code="a">Interpretation</marc:subfield>
   </marc:datafield>
   <marc:datafield ind1=" " ind2=" " tag="653">
      <marc:subfield code="a">Märcheninterpretation</marc:subfield>
   </marc:datafield>
   <marc:datafield ind1=" " ind2=" " tag="653">
      <marc:subfield code="a">Sagen</marc:subfield>
   </marc:datafield>
   <marc:datafield ind1=" " ind2=" " tag="653">
      <marc:subfield code="a">Wissenschaft</marc:subfield>
   </marc:datafield>
   <marc:datafield ind1=" " ind2=" " tag="653">
      <marc:subfield code="a">wissenschaftlich</marc:subfield>
   </marc:datafield>
   <marc:datafield ind1=" " ind2=" " tag="653">
      <marc:subfield code="a">Softcover / Sachbücher/Psychologie</marc:subfield>
   </marc:datafield>
   <marc:datafield ind1="0" ind2="0" tag="245">
      <marc:subfield code="a">Psychologie der Märchen</marc:subfield>
   </marc:datafield>
   <marc:datafield ind1="0" ind2="0" tag="245">
      <marc:subfield code="b">41 Märchen wissenschaftlich analysiert - und was wir heute aus ihnen lernen können</marc:subfield>
   </marc:datafield>
   <marc:datafield ind1="0" ind2="0" tag="245">
      <marc:subfield code="c">Dieter Frey (Hrsg.)</marc:subfield>
   </marc:datafield>
   <marc:datafield ind1=" " ind2="1" tag="264">
      <marc:subfield code="a">Berlin, Germany</marc:subfield>
      <marc:subfield code="b">Springer</marc:subfield>
      <marc:subfield code="c">2017</marc:subfield>
   </marc:datafield>
   <marc:datafield ind1="1" ind2=" " tag="520">
      <marc:subfield code="a">Angaben aus der Verlagsmeldung

Psychologie der Märchen : 41 Märchen wissenschaftlich analysiert - und was wir heute aus ihnen lernen können

Dieses Buch bringt zwei Dinge zusammen, die Menschen faszinieren: Märchen und Psychologie. Ein Autorenteam rund um den bekannten Sozialpsychologen Dieter Frey analysiert berühmte Märchen aus Sicht der wissenschaftlichen Psychologie: Märchen befassen sich seit jeher mit zentralen Fragen und Schwierigkeiten des menschlichen Lebens und der Entwicklung – wie auch die Psychologie! Aber kommen beide heute auch zu den gleichen Schlüssen? Stimmt die "Moral von der Geschicht‘" jedes Mal auch aus wissenschaftlicher Perspektive? 41 Märchenklassiker – jeweils nochmal kurz zusammengefasst – wollen in diesem Buch neu entdeckt und verstanden werden. Erfahren Sie, welche Lektionen wir auch heute noch von Hans im Glück, Schneewittchen, Rumpelstilzchen und all den anderen für unsere Lebensgestaltung, Führung und Erziehung lernen können. Ein spannendes Lesebuch – für Märchenfreunde, Eltern, Erzieher/-innen, Studierende der Psychologie, Sozial- und Geisteswissenschaften und alle, die sich von Psychologie faszinieren lassen.
</marc:subfield>
   </marc:datafield>
   <marc:datafield ind1=" " ind2=" " tag="020">
      <marc:subfield code="a">9783662536674</marc:subfield>
      <marc:subfield code="9">9783662536674</marc:subfield>
   </marc:datafield>
   <marc:datafield ind1=" " ind2=" " tag="020">
      <marc:subfield code="a">3662536676</marc:subfield>
      <marc:subfield code="9">3662536676</marc:subfield>
   </marc:datafield>
   <marc:datafield ind1=" " ind2=" " tag="300">
      <marc:subfield code="a">XXVI, 344 Seiten</marc:subfield>
   </marc:datafield>
</marc:record>
